| 000 | 00931nam a22002657a 4500 | ||
|---|---|---|---|
| 008 | 240912s2023 xxk||||| |||| 00| 0 eng d | ||
| 020 | _a9781916849136 | ||
| 041 | _aeng | ||
| 082 | _aF691 WAT | ||
| 110 | _aWaterman Group | ||
| 245 | _aWaterman materials passports framwork | ||
| 260 |
_bWaterman Group _cNovember 2023 |
||
| 300 |
_a99p. _c30cm |
||
| 520 | _aIntroducing a standardised approach to materials passports in the construction industry, enabling material reuse and demonstrating compliance for Net Zero, circularity and health and safety. Also examines their implementation and role in BIM. | ||
| 650 | _aBuilding Information Modelling | ||
| 650 | _aNet Zero | ||
| 650 | _aConstruction materials | ||
| 651 | _aInternational | ||
| 700 | _aTerndrup, Mark | ||
| 700 | _aStella, Anastasia | ||
| 700 | _aPilcher, Nick | ||
| 700 | _aNilsson, Susan | ||
| 710 | _aWaterman Group | ||
| 942 | _n0 | ||
| 999 |
_c122053 _d122053 |
||